Normal view
MARC view
Entry Personal Name
001 - CONTROL NUMBER
- control field: 43954
003 - CONTROL NUMBER IDENTIFIER
- control field: ARRUPE
005 - DATE AND TIME OF LATEST TRANSACTION
- control field: 20190110112754.0
008 - FIXED-LENGTH DATA ELEMENTS
- fixed length control field: 190110|| aca||aabn | a|a d
040 ## - CATALOGING SOURCE
- Original cataloging agency: ARRUPE
- Transcribing agency: ARRUPE
100 ## - HEADING--PERSONAL NAME
- Personal name: by C.W. Ceram (pseud.), tr. by E.B. Garside
670 ## - SOURCE DATA FOUND
- Source citation: Work cat.: (ARRUPE)51101: Marek, Kurt W. 43952, Gods, graves, and scholars, 1952